000 00480nam a2200181Ia 4500
008 090124s9999 xx 000 0 und d
082 _b14662
_a903
100 _aसामंत बाळ
245 _a नवरा बायको
250 _a1
260 _c1965
300 _a78
600 _aसामंत बाळ
630 _a नवरा बायको
700 _aसामंत बाळ
730 _a नवरा बायको
942 _cBOOK
999 _c128602
_d128602